| 000 | 00590nam a2200217Ia 4500 | ||
|---|---|---|---|
| 003 | OSt | ||
| 005 | 20220928140646.0 | ||
| 006 | a|||||r|||| 00| 0 | ||
| 007 | ta | ||
| 008 | 220927b |||||||| |||| 00| 0 eng d | ||
| 024 | _a10657 | ||
| 037 | _cTextual | ||
| 040 |
_aSDCL _cSDCL _beng |
||
| 041 |
_2eng _aeng |
||
| 082 | _aC7p1'N74, L5 | ||
| 100 |
_aFreeman A J _9496700 |
||
| 245 | 0 | _aProceedings of the 1974 arbeitsgeme inschart magnetismus conference 26-28 march 1974 | |
| 260 | _c1975 | ||
| 942 |
_hC7p1'N74, L5 _cTEXL _2CC |
||
| 999 |
_c813134 _d813134 |
||